Летописный сборник, именуемый Патриаршей или Никоновской летописью; Полное собрание русских летописей

Opis bibliograficzny
Parent link:Полное собрание русских летописей. Т. 9
Streszczenie:С приложением извлечений из монографии Б. М. Клосса "Никоновский свод и русские летописи XVI-XVII веков"
Język:rosyjski
Wydane: Москва, Языки русской культуры, 2000
Wydanie:Репринтное изд.
Hasła przedmiotowe:
Format: Książka
KOHA link:https://koha.lib.tpu.ru/cgi-bin/koha/opac-detail.pl?biblionumber=29273

MARC

LEADER 00000nam0a2200000 4500
001 29273
005 20241113144526.0
010 |a 5785901218 
035 |a (RuTPU)RU\TPU\book\29533 
035 |a BOOK00029608 
090 |a 29273 
100 |a 20011209d2000 u y0rusy50 ca 
101 0 |a rus 
102 |a RU 
105 |a  000|y 
200 1 |a Летописный сборник, именуемый Патриаршей или Никоновской летописью 
205 |a Репринтное изд. 
210 |a Москва  |c Языки русской культуры  |d 2000 
215 |a 288 с. 
300 |a С приложением извлечений из монографии Б. М. Клосса "Никоновский свод и русские летописи XVI-XVII веков" 
461 |t Полное собрание русских летописей  |v Т. 9 
606 |a Летописи русские  |9 81522 
610 1 |a история 
610 1 |a источники исторические 
610 1 |a 16 век 
610 1 |a источниковедение 
610 1 |a Никоновская летопись 
610 1 |a Патриаршая летопись 
610 1 |a 17 век 
686 |a Т3(2)ю  |2 rubbk 
801 0 |a RU  |b 63413507  |c 20011209  |g PSBO 
801 2 |a RU  |b 63413507  |c 20111207  |g RCR 
942 |c BK